[Event "Caissa intern 2009-2010"]
[Site "?"]
[Date "2009.09.23"]
[Round "2"]
[White "Witt, Rob"]
[Black "Zult, Daan"]
[Result "0-1"]
[WhiteElo "2214"]
[BlackElo "2215"]
[Annotator "Zult/Witt"]
[PlyCount "130"]
[EventDate "2009.09.23"]

{In eerste instantie geanalyseerd door Daan Zult. Vervolgens mijn commentaar 
[RW: ...] en het tijdverbruik toegevoegd. Het normale tempo bij Caissa is 1.45
uur voor de hele partij. Wij hadden 36z/1,5 uur + 15' afgesproken.} 1. d4 d5 2.
c4 e5 {[RW: een onaangename verrassing.]} 3. dxe5 d4 4. Nf3 Nc6 5. a3 {[RW:
Dit zou tgenwoordig de beste zet zijn, maar verder gaat mijn kennis niet. Bij
Daan hield het hier ook op.]} (5. g3) 5... Nge7 {6'} 6. b4 {9'} Ng6 {10'} 7.
Bb2 Ngxe5 $2 {15' [RW: Dit vraagteken van Daan is misschien wat overdreven.]} (
7... Bg4 {[RW: Met deze suggestie van Daan (Of Rybka? =) heb ik geen partijen
kunnen vinden. Avrukh geeft} 8. Nxd4 Ngxe5 (8... Ncxe5 9. Qb3 $14) 9. Nxc6
Qxd1+ 10. Kxd1 Nxc6 11. Nd2 O-O-O 12. f3 Be6 13. e3 $14) ({[RW: Gebruikelijk
blijkt om eerst} 7... a5 {in te lassen. Een belangrijke partij ging verder met}
8. b5 Ncxe5 9. Nxe5 Nxe5 10. Bxd4 Nxc4 11. e3 Be6 12. Qc2 Nd6 13. Bd3 Qg5 {
Zonder inlassing van a5 zou pion b5 nu niet hangen en kan wit rustig rokeren.}
14. f4 Qh4+ 15. g3 Qh5 16. Nc3 Nf5 17. O-O O-O-O 18. Ba7 $1 Qg4 19. Ne4 $6 {
Topalov - Morozevich, Monte Carlo 2005 (38.0-1)} (19. Na4 $1 $18)) 8. Nxe5 {20'
} (8. b5 {[RW: hier heb ik lang over nagedacht, maar het is niks.]} Nxf3+ 9.
exf3 Na5 10. Bxd4 Be6 $1 {en zwart heeft ruim voldoende compensatie voor de
pion} ({[RW: Dat was ook mijn conclusie. Ook was ik niet enthousiast over} 
10... Nb3 11. Qxb3 Qxd4 12. Qe3+ Qxe3+ 13. fxe3 Bc5 $13)) 8... Nxe5 9. Qxd4 $2
{Beter was} (9. e3 $1 Bg4 $2 {waarop ik dacht} (9... Be6 10. Bxd4 Nxc4 11. Qc2
Nd6 12. Bd3 $14) 10. f3 $2 ({of} 10. Qa4+ Bd7 11. Qd1 Bg4) ({Maar wit heeft
simpel} 10. Qxd4 {en staat goed}) 10... Qh4+ 11. g3 Nxf3+) 9... Qxd4 10. Bxd4
Nxc4 11. e3 Be6 12. Nd2 {30'} Nxa3 {29' Na 5 minuten denken beschouwd Rybka
dit nog niet als beste zet, maar als je hem uitvoert gaat hij hem steeds meer
waarderen} 13. Rxa3 Bxb4 14. Ra4 {Over 55'.} (14. Rd3 {RW: niet overwogen.} Bc4
15. Bxg7 Rg8 16. Be5 Bxd3 17. Bxd3 O-O-O 18. Ke2 Rxd3 19. Kxd3 Rd8+ 20. Bd4 c5
21. Rc1 Kb8 22. Nf3 cxd4 23. Nxd4 $11 {gelijk volgens Rybka, maar ik denk dat
zwart hier de praktische kansen heeft}) ({[RW: Mijn alternatief was} 14. Ra1 {
Om zo snel mogelijk de penning op te heffen.} O-O 15. Rc1 c5 16. Bc3 {Bijv.} a5
{En nu komen zowel Rybka als Fritz met het plan om de koning naar c2 te spelen.
Idee waar ik totaal niet aan gedacht heb. Bijv.} 17. Kd1 (17. Bc4 a4 18. Kd1)
17... a4 18. Kc2 {Dit lijkt iets beter voor wit.]}) 14... a5 15. Bd3 {Over 40'.
Ook Rybkas eerste keus.} ({RW: Mijn oorspronkelijke bedoeling was} 15. Bxg7 Rg8
16. Bd4 {Om c5 uit te lokken zodat wit veld b5 heeft voor zijn loper.} c5 ({
Ik schrok later ook van de mogelijkheid} 16... Rd8 {Vooral vanwege deze
mogelijkheid koos ik voor 15.Ld3 en had ik ook een beetje spijt van mijn 14.
Ta4. Zwart dreigt een stuk te winnen, maar Rybka komt dan heel droog met} 17.
g3 {Zou ik nooit opgekomen zijn.} Bxd2+ (17... c5 18. Rxb4 cxb4 19. Bg2 $13 {
maar zowel Rybka als Fritz geven wit een plusje voor wat dat waard is.}) 18.
Kxd2 c5 19. Rxa5 cxd4 20. Bg2 dxe3+ 21. Kxe3 b6 22. Rb5 {En wit zou iets beter
staan. De remisemarge lijkt me echter groot.}) 17. Bf6 ({Rybka:} 17. Rxb4 $5
cxb4 (17... axb4 18. Bxc5 b3 19. Bd4 $14) 18. Ne4 $14) 17... Rg6 18. Bb5+ Kf8 {
Maar ik vertrouwde het niet na} 19. Bh4 c4 (19... Rg4 $5) 20. Ke2 Rc8 $13 {
net de bedoeling Tc5.}) 15... O-O {Over 39'} (15... c5 16. Bxg7 Rg8 17. Bf6
Rxg2 18. Kf1 Bh3 19. Ke2 $14) 16. Ke2 c5 17. Ba1 $2 {35'. Volgens Rybka de
eerste onnauwkeurige zet. Dit dacht ik al tijdens de partij, ik was bangervoor}
(17. Be5 $1 {of} f6 18. Bg3 $14 {Dit is het juiste veld voor de loper, nu
heeft zwart waarschijnlijk net niet genoeg compensatie voor het stuk. Bizar
genoeg was dit de enige weg naar voordeel voor wit. [RW: Het is inderdaad
beter dan wat ik deed, maar het witte voordeel blijft onduidelijk na} Rfd8 19.
Rd1 (19. Nf3 Bb3 20. Raa1 (20. Bb5 $13) 20... Rxd3 $1 (20... a4) 21. Kxd3 Rd8+
22. Ke4 g5 $13) 19... Rac8 (19... c4 20. Nxc4 b5 21. Rxb4 axb4 22. Nd6 $14) 20.
Raa1 c4 21. Bc2 b5 22. Ne4 {Wit zal beter staan, maar spannend blijft het.]}) (
17. Bb2 {deze laatste blijkt echter niet zo goed}) 17... Rfd8 $11 {37'
Weliswaar gelijk, maar erg lastig voor wit. [RW: Dit had ik helemaal niet zien
aankomen toen ik tot Ta4 besloot. Even dacht ik dat ik verloren stond.]} 18.
Nf3 $1 {20'} ({het logische} 18. Rd1 {faalt op} c4 19. Nxc4 b5 $15) 18... Bb3 {
23'} ({Ik overwoog ook} 18... Rxd3 19. Kxd3 b5 20. Rxb4 axb4 {maar dit voelde
toch iets teveel als galery play. Volgens Rybka is het echter nog wel mogelijk,
maar meer dan gelijk is het niet}) 19. Bb5 {Vanaf hier doe ik een paar, niet
slechte, maar onnauwkeurige zetten} f6 {20'} ({nauwkeuriger is} 19... c4 {
Ik wilde echter het veld d4 nog niet prijs geven}) 20. Rb1 {15'} Bxa4 21. Bxa4
$11 Kh8 {Lui gespeeld. [RW: en a tempo gespeeld.] Ik twijfelde tussen Kh8 en
Kf8, maar wegens potentiele vorkjes op e6 ging ik toch maar naar h8, volgens
Rybka is dit echter niet iets om je zorgen over te maken.} 22. Rc1 $6 {Lijdt
een verkeert plan in. [RW: De zet is op zich niet slecht, maar inderdaad met
de verkeerde bedoeling om met Lc3 te vervolgen.]} Rdb8 {17'} 23. Bb5 {12' [RW:
Blijkt achteraf niet zo zinvol. Beter was} (23. Bb3 {om de loper op d5 te
zetten.]}) 23... a4 24. Bc3 $2 {Pas hierna staat zwart echt beter. [RW: Heel
slecht om de lopers te willen ruilen. De loper op b4 staat alleen maar de
zwarte b-pion in de weg.]} (24. e4 $11) 24... Bxc3 25. Rxc3 a3 $2 {
onnauwkeurig, ik dacht hier dat alles won, het is echter nog niet zo simpel} (
25... Ra5 26. Bc4 b5 27. Bf7 b4 $19 {is veel beter}) 26. Rc1 Ra5 {15'} 27. Bc4
{10'} b5 {nogmaals onnauwkeurig} 28. Ba2 b4 {13'} 29. Nd2 {Pas hier
realiseerde ik me dat het helemaal niet zo makkelijk is} Rc8 $1 {11' De beste
zet} 30. Kd3 {7'} Rd8+ $1 {10'} 31. Ke2 {5'} ({[RW: Ik durfde} 31. Kc2 {
toch niet aan omdat ik dacht dat zwart dan Ta5 naar een beter veld kon
omspelen.]}) 31... g6 {8'} 32. e4 {4'} Kg7 $6 33. f3 $6 ({RW:} 33. Nb3 $5 {
lijkt beter, bijv.} Rb5 34. Nxc5 $13 {en zwart kan het paard niet pennen
wegens Pe6+.]}) 33... Kf8 $2 $11 {7'} (33... Rb5 {behoudt een klein voordeel})
34. Nb3 {nu realiseerde ik me pas dat zwart na Pxc5 een schaakje op e6 dreigt,
waarmee de penning na Tc8 geen zin heeft} Rb5 35. Nxc5 Ke7 {6'} 36. Nb3 {3'}
Rb7 $4 {5' [RW: Typerend voorbeeld van een blunder die zijn oorzaak vindt in
het eerder missen van Pxc5. De kiem voor de blunder is daar ontstaan (Rowson).
Alleen zie ik het helaas niet.]} 37. Rc4 $4 {[RW: Ik speelde dit vrij snel
omdat ik het al van plan was en ik was bovendien vergeten dat we 36z/1,5 uur
hadden afgesproken.]} (37. Na5 $1 {wint een kwal, dit hebben Rob en ik beide
gemist}) 37... Rd6 {4'} 38. g4 {2' Met remise aanbod. Ik voelde me echter
mentaal hersteld van deteleurstelling dat ik nog niet gewonnen had, dus ik
wilde nog even door. [RW: Ik dacht dat we allebei niet veel konden doen en
wilde remise aanbieden. Maar ik moest eerst nog snel een zet doen. Een slechte
dus omdat het de zwarte velden verzwakt. 38. f4 was beter geweest. Overigens
vertelde Paul Janse me achteraf dat je wel meteen remise mag aanbieden na een
zet van je tegenstander. Alleen kan hij je dan verplichten om eerst een zet te
doen. Ik neem aan dat je vervolgens na het uitvoeren van je zet opnieuw remise
moet aanbieden of geldt het eerdere aanbod nog?]} Kd8 {[RW: Nu realiseerde ik
me het afgesproken tempo en liet mijn vlag vallen waarna we er 15' bij kregen.]
} 39. Nd4 $11 {15' Tijdens de partij dacht ik dat dit onnauwkeurig was, Rybka
vindt het echter ook de beste.} Rdb6 $1 {18'} 40. Bb3 Kd7 41. Kd3 {[RW: Ik
raakte hier uit mijn concentratie omdat mijn pen het begaf, maar dat mag geen
excuus zijn voor het vervolg.]} Ra7 42. Ba2 g5 $6 {14'} 43. Rc5 $1 {13'} Rc7 {
13'} 44. Rxc7+ $4 (44. Kc4 $15 {RW: Niet mee eens. Het lijkt me onduidelijk en
misschien zelfs ietsje beter voor wit.}) 44... Kxc7 45. Kc4 Kd6 46. Bb3 $6 {
9' Hier had ik Pb5 verwacht, en ik twijfelde of ik dan met Kc6 Pd4+ remise
moest maken} ({[RW: Ik heb geen idee. bijv.} 46. Nb5+ Ke5 47. Kxb4 Kf4 48. Bd5
Rb8 (48... a2 49. Bxa2 Kxf3 50. Kc5 Rb8 51. Be6 Kxe4 52. Bf5+ Kf4 53. Nd4 Rb2
54. h3 h6 55. Ne6+ Kg3 56. Ng7 {lijkt remise.}) 49. h3 Kg3 50. Kc5 Rc8+ 51. Kb4
{En ik zie niet zo gauw hoe zwart verder komt.]}) 46... Ke5 47. Kc5 Ra6 {9'}
48. Nc6+ {8'} Kf4 49. Nxb4 Ra5+ 50. Kb6 {7'} Ra8 {7'} 51. Bd5 Rc8 {5' Volgens
is het hier =, het leek me echter heel lastig voor wit. [RW: Volgens mijn
Rybka 2.3.2A op een 5 jaar oude pc staat het -0.76. En ook tijdens de partij
had ik het gevoel dat ik ging verliezen.} 52. Kb5 $6 {5' [RW: Vanaf hier
hebben we niet meer genoteerd, maar Daan heeft de rest kunnen reconstrueren.]}
(52. Nc6 h5 $1 {Rybka, deze zet had ik echter nooit gevonden}) 52... Rc3 53.
Ka4 Rxf3 $1 {Deze keer is het wel uit. [RW: Dat is nog maar de vraag! Als de
analyses verderop kloppen, dan geeft Daan met deze zet de winst weg en had hij
moeten spelen:} (53... Ke5 $1 {en zwart wint geluidloos.}) 54. Nc2 $6 {[RW:
Mijns inziens veranderen in ??]} ({wit kon} 54. e5 {proberen, maar dit
verliest na} fxe5 55. Bxf3 Kxf3 56. Kxa3 Kxg4 {[RW: Tijdens de partij leek dit
eindspel me ook hopeloos.]} 57. Nd5 {[RW: ? Wit heeft twee betere zetten.]} ({
RW: Ik denk dat wit remise kan maken door snel met de koning dichterbij te
komen.} 57. Kb3 $1 {bijv.} Kh3 (57... h5 58. Kc4 Kh3 59. Kd5 g4 (59... Kxh2 60.
Kxe5 h4 61. Nd5 h3 62. Ne3 $11) 60. Kxe5 Kxh2 61. Kf4 g3 62. Nd3 g2 63. Ne1 $11
) (57... Kf3 58. Kc4 e4 59. Nc2 e3 60. Kd3 e2 61. Nd4+) 58. Kc4 Kxh2 59. Kd5 g4
60. Nd3 g3 61. Kxe5 (61. Nxe5 $11) 61... g2 62. Ne1 $11) (57. Nc6 $5 {Lijkt
ook remise te maken en misschien nog makkelijker. Bijv.} e4 58. Kb3 Kh3 59. Kc4
g4 60. Kd4 Kxh2 61. Kxe4 g3 62. Kf4 h5 63. Ne5 $11 {]}) 57... Kh3 58. Nf6 Kxh2
$19) 54... Kxg4 $19 55. Nxa3 Rf4 56. Nc4 Kh3 57. Kb3 h5 58. Kc2 Kxh2 59. Kd3 g4
60. e5 fxe5 61. Nxe5 g3 62. Ke2 Rf2+ 63. Ke1 Rf5 64. Nf3+ Kh1 (64... Rxf3 $1)
65. Nh4+ $2 {Hier kom ik goed weg want na} (65. Bc6 $1 g2 $2 (65... Rxf3 $1)
66. Nh4 Kh2 67. Nxg2 $15 {maar zal wel remise worden.}) 65... Rxd5 0-1

[Event "Caissa - BSG 3-7"]
[Site "?"]
[Date "2016.09.17"]
[Round "1"]
[White "De Groote, Ewoud"]
[Black "Witt, Rob"]
[Result "1-0"]
[WhiteElo "2296"]
[BlackElo "2202"]
[Annotator "Witt"]
[PlyCount "81"]
[EventDate "2016.??.??"]

{We begonnen het nieuwe seizoen tegen topfavoriet BSG. Ons team is aanzienlijk
zwakker geworden na het vertrek van Barry Brink, Jasel Lopez en Ivo Timmermans.
Nu we vandaag ook nog Hans Ree en Michael Wunnink misten, vreesden sommigen
een monsternederlaag.} 1. e4 e6 2. d4 d5 3. Nd2 {Ik had bij de voorbereiding
alleen op 3.Pc3 wat bedacht. Wel had ik even gezien dat Ewoud altijd Tarrasch
speelt en alleen Pf6 of Le7 tegen zich had gekregen.} c5 4. Ngf3 ({Op} 4. exd5
{zou ik} Qxd5 {gespeeld hebben.}) 4... Nc6 ({Ik had geen zin in de 'Universal
French'} 4... Nf6 5. e5 Nfd7 6. c3 Nc6 7. Bd3) ({En met} 4... cxd4 5. Nxd4 Nc6
{had ik vorig seizoen slechte ervaring opgedaan.}) 5. exd5 exd5 6. Bb5 Bd6 7.
dxc5 Bxc5 8. O-O Nge7 9. Nb3 Bd6 {Deze wat ouderwetse variant roept
herinneringen op aan de finale van het Kandidatentoernooi Moskou 1974 tussen
Karpov en Kortchnoi. Karpov kreeg deze stelling zeven keer maar kwam nooit
verder dan remise. Karpov won de match over 24 partijen met 12½-11½ en werd
wereldkampioen omdat Fischer zijn titel helaas niet verdedigde. Zelf heb ik
deze stelling voor het laatst gespeeld tegen Arno Bezemer in ACT Amsterdam
2005. Dat ging aanzienlijk beter dan deze partij.} 10. Nbd4 {Tegenwoordig
wordt vaker Te1 of Lg5 gespeeld.} O-O 11. c3 Qc7 $6 {Dit is al onnauwkeurig.} (
{Kortchnoi speelde zes keer} 11... Bg4) 12. h3 f6 $6 {In iets andere stelling
is dit een interessante zet met het idee om Pe5 te spelen. Hier is het dubieus.
} (12... Bd7) 13. Ba4 a6 14. Nxc6 bxc6 15. c4 Be6 ({Ik verwierp} 15... dxc4 {
wegens} 16. Qe2 {Maar bij nader inzien lijkt dit toch wel speelbaar na} c5 17.
Qxc4+ Kh8) 16. Nd4 Bf7 17. cxd5 Bxd5 18. Bb3 Qd7 19. Re1 Kh8 20. Be3 {Het
verbaast me dat Stockfish deze stelling vrijwel gelijk vindt. Tijdens de
partij had ik het gevoel dat ik duidelijk minder stond.} f5 $2 {Na lang
nadenken een slechte zet.} ({Mijn eerste gedacht was} 20... c5 {en dat is veel
beter. Ik vertrouwde het niet helemaal na} 21. Bxd5 Nxd5 ({Ik heb niet gekeken
naar het kwaliteitsoffer} 21... cxd4 {Het lijkt me onvoldoende na} 22. Bxa8
dxe3 23. Be4 exf2+ 24. Kxf2 Bc5+ 25. Kf1 Qb5+ 26. Qe2 Qb8 27. Rac1 Ba7 28. Rc3)
22. Nf3 ({Ewoud stelde} 22. Nc2 {voor.}) 22... Rfd8 {met een speelbare
stelling.}) ({Ook} 20... Rfd8 {was beter dan de partijzet.}) 21. Bg5 Ng8 $2 {
Ook niet zo'n beste.} (21... Ng6) 22. Bxd5 cxd5 23. Be3 $6 {Wit nog 8 minuten,
zwart 20. Ik wilde remise aanbieden waar Ewoud hopenlijk een paar minuten aan
zou spenderen, maar moest eerst nog een zet doen.} (23. Qd3 $16) 23... Be5 (
23... Nf6 24. f3 $14) 24. Qd3 {Die kwam na twee minuten. Het is niet de beste.}
g6 $2 {Dit kan de zwarte stelling niet verdragen.} ({Ik had volgens Stockfish
moeten rommelen met} 24... f4 25. Bd2 Bxd4 {Dit idee heb ik helemaal niet
gezien.} 26. Qxd4 f3 27. g4 h5 {Wit moet het dan nog nauwkeurig doen.}) 25.
Rad1 Rfd8 26. b3 Qd6 $2 (26... Bg7) 27. Bg5 {Goed genoeg.} ({Nog sterker was} 
27. Ne6 $1 Rd7 28. Bd4 $18) 27... Rd7 28. Rc1 Bg7 29. Re6 Qa3 30. Rc2 Rd6 $2 {
Maar andere zetten verliezen ook.} 31. h4 {De rest is een slachting.} Rxe6 32.
Nxe6 Qd6 33. Nxg7 Kxg7 34. Qd4+ Kf8 35. Bf4 Qe6 36. Rc7 Rd8 37. Qg7+ Ke8 38.
Qxh7 d4 39. Rg7 Kf8 40. Rxg8+ Qxg8 41. Bh6+ {En ik feliciteerde Ewoud. We
verloren met 7-3 wat gezien het ratingverschil niet eens zo heel slecht was.}
1-0

[Event "Max Euwe - Caissa 51/2-41/2"]
[Site "?"]
[Date "2016.10.08"]
[Round "2"]
[White "Witt, Rob"]
[Black "Scho, Christian"]
[Result "1/2-1/2"]
[WhiteElo "2195"]
[BlackElo "2099"]
[Annotator "Witt"]
[PlyCount "77"]
[EventDate "2016.??.??"]

1. d4 d5 2. Nf3 Nf6 3. c4 c6 4. Nbd2 {Een onschuldige zijvariant die alleen
geschikt is tegen spelers die de Meraner spelen.} Bf5 {Jammer, hij speelt
mijns inziens de beste zet.} 5. Nh4 {Zo heeft o.a Mamedyarov het enkele keren
gespeeld.} Bc8 {Hier worden meestal andere loperzetten gespeeld.} ({Op} 5...
Bg6 6. Qb3 {Moet zwart vooral niet voortzetten met} Qb6 $2 {want dan volgt de
mooie switch} 7. Qh3 $1 {met de dubbele dreiging Pxg6 en Dc8+.}) (5... Be6 {
o.a. Gelfand}) (5... Be4 {o.a. Dreev en Caruana}) 6. e3 g6 7. Bd3 Bg7 8. O-O
O-O 9. Nhf3 Bg4 10. Qb3 Bxf3 11. Nxf3 ({Ik keek nog even naar} 11. Qxb7 $2 {
maar dat is heel slecht wegens} dxc4 $1 12. Nxc4 Bd5) 11... Qb6 12. Qa3 Qd8 {
Al weer zo'n terugzet die ik niet verwachtte.} 13. Bd2 e6 14. Rfc1 ({De
engines vinden dat ik meteen had moeten beginnen met} 14. Ba5 {en misschien
speel ik ook de verkeerde toren naar c1.}) 14... Nbd7 15. Ba5 Qb8 16. Bb4 Re8
17. Bd6 Bf8 18. Bxf8 Rxf8 {Vanaf hier begin ik een beetje planloos te spelen.}
19. Qc3 (19. cxd5 exd5 20. b4 a6 21. Qb2 {ziet er logischer uit al heeft wit
niet veel.}) ({Of meteen} 19. b4 a6 20. Qb2) 19... Re8 20. Be2 Qd6 {Beide
spelers hebben nog een half uurtje.} ({Ik verwachtte} 20... e5 21. dxe5 Nxe5
22. cxd5 Nxd5 23. Qb3) 21. g3 Ne4 22. Qc2 Qe7 23. Nd2 f5 24. f4 {Niet echt
nodig, maar ik begon een beetje te balen van mijn stelling.} (24. b4) 24...
Ndf6 25. Bf3 Nxd2 26. Qxd2 Ne4 27. Qd3 {Had ik het paard beter kunnen nemen?}
Rad8 28. Rc2 Kh8 29. c5 g5 30. b4 a6 31. a4 gxf4 32. exf4 Rg8 33. Rg2 Qf6 {
Vergezeld van een remiseaanbod.} 34. Rb1 {Ik weigerde alleen maar omdat hij
weinig tijd had.} Ra8 35. Qe3 Rg7 36. Kh1 {Hier staat de koning niet goed,
maar ik zag geen constructief plan.} Qh6 37. Rbg1 $2 ({Beter} 37. Kg1 $11)
37... Rag8 (37... Qh3 $5) 38. Be2 $2 ({Noodzakelijk was} 38. Bxe4 dxe4 39. g4 {
en volgens de engines staat het gelijk.}) 38... Qf6 $2 ({Zwart staat vrijwel
op winst na} 38... Qh3 $1) 39. Bf3 {En maar gauw remise aangeboden voor het te
laat is. Christian nam het meteen aan.} 1/2-1/2